000 00312nam a22001337a 4500
008 150609b xxu||||| |||| 00| 0 eng d
020 _a9780071604659
041 0 _aeng
080 _a681.3
100 1 _a27
101 _aIM
245 1 0 _aDigital analysis of remotely sensed imagery /
_cJay Gao.
942 _2udc
_cBK
999 _c1024
_d1024